| 000 | 00880nas a2200301 4500 | ||
|---|---|---|---|
| 001 | BR0801493 | ||
| 003 | BR-BrBNA | ||
| 005 | 20231205111706.0 | ||
| 007 | ta | ||
| 008 | 230509b bl.|||p| |||| 00| 00por d | ||
| 040 |
_aBR-BrBNA _bpor _cBiblioteca Nacional de Agricultura |
||
| 041 | _a(Pt) | ||
| 072 | _aF03 | ||
| 100 | 1 | _aRamos, N.P. | |
| 100 | 1 | _aMendonça, E.A.F. de | |
| 100 | 1 | _aPaula, R.C. de | |
| 245 | 1 | _aGerminação de sementes de Zeyhera Tuberculosa (Vell.)Bur. (Ipê-Felpudo) | |
| 650 | _aGERMINAÇÃO | ||
| 650 | _aZEYHERIA TUBERCULOSA | ||
| 650 | _aSEMENTES | ||
| 650 | _aIPÊ | ||
| 650 | _aTEMPERATURA | ||
| 650 | _aSUBSTRATO DE CULTURA | ||
| 650 | _aVERMICULITA | ||
| 773 | 0 |
_tRevista Agricultura Tropical (Brazil) _xISSN 1415-7497 _g(Dec 2003), v. 7(1) p. 41-52 _wBR0801493 |
|
| 909 |
_a202311 _bLúcia _c55 _dLúcia Elande |
||
| 942 |
_2AGRIS _n0 _cANA |
||
| 999 |
_c193980 _d193980 |
||